Capital city anagrams - Statistics

General Stats
  • This quiz has been taken 42 times
  • The average score is 18 of 27
Answer Stats
Clues Capital City % Correct
more Rome
94%
mail Lima
92%
solo Oslo
92%
pairs Paris
92%
quoit Quito
92%
baulk Kabul
89%
mole Lomé
89%
lame Malé
89%
minks Minsk
89%
units Tunis
86%
louse Seoul
83%
animal Manila
78%
hasten Athens
75%
plaza La Paz
75%
stonking Kingston
72%
saunas Nassau
69%
curse Sucre
64%
coria Cairo
58%
yearn Yaren
58%
amuser Maseru
42%
anther Tehran
42%
scariest Castries
39%
arouse Roseau
39%
forewent Freetown
31%
bunheads Dushanbe
25%
osteoma São Tomé
22%
segregations Saint George's
17%
No matching quizzes found
Score Distribution
Percent of People with Each Score
Percentile by Number Answered
Your Score History
You have not taken this quiz